The lovely lady and other stories (Запись № 2578020)

Подробности
000 -МАРКЕР
контрольное поле 01300nam0a2200325 4500
001 - ИДЕНТИФИКАТОР ЗАПИСИ
контрольное поле RU\NLR\b_ik\91046
005 - ИДЕНТИФИКАТОР ВЕРСИИ
контрольное поле 20260405094310.0
010 ## - МЕЖДУНАРОДНЫЙ СТАНДАРТНЫЙ НОМЕР КНИГИ (ISBN)
Номер (ISBN) 5-05-005455-9
Тираж 5000
035 ## - ДРУГИЕ СИСТЕМНЫЕ НОМЕРА
Идентификатор записи (NLR Aleph) 002165102
100 ## - ДАННЫЕ ОБЩЕЙ ОБРАБОТКИ
Данные общей обработки 20020904d2002 |||y0rusy50 ca
101 0# - ЯЗЫК РЕСУРСА
Язык текста, звукозаписи и т.д. английский
-- русский
102 ## - СТРАНА ПУБЛИКАЦИИ ИЛИ ПРОИЗВОДСТВА
Страна публикации российская федерация
105 ## - ПОЛЕ КОДИРОВАННЫХ ДАННЫХ: ТЕКСТОВЫЕ МАТЕРИАЛЫ, МОНОГРАФИЧЕСКИЕ
Кодированные данные о монографическом текстовом документе y |||||||||
200 1# - ЗАГЛАВИЕ И СВЕДЕНИЯ ОБ ОТВЕТСТВЕННОСТИ
Основное заглавие The lovely lady and other stories
Первые сведения об ответственности David Herbert Lawrence
Последующие сведения об ответственности [Сост. Н.М. Пальцева
-- Коммент. А.И. Полторацкого]
210 ## - ПУБЛИКАЦИЯ, РАСПРОСТРАНЕНИЕ И ДР.
Место издания, распространения и т.д. M.
Имя издателя, распространителя и т. д. Raduga
Дата издания, распространения и т.д. 2002
215 ## - ФИЗИЧЕСКАЯ ХАРАКТЕРИСТИКА
Специфическое обозначение материала и объем 252, [1] с.
Размеры 16
225 1# - СЕРИЯ
Основное заглавие серии Полиглот
300 ## - ОБЩИЕ ПРИМЕЧАНИЯ
Текст примечания В вып. дан.: Прелестная дама / Дэвид Герберт Лоуренс
300 ## - ОБЩИЕ ПРИМЕЧАНИЯ
Текст примечания Коммент. на рус. яз.
541 0# - ПЕРЕВОД ЗАГЛАВИЯ, СДЕЛАННЫЙ КАТАЛОГИЗАТОРОМ
Заглавие Прелестная дама
Язык заглавия русский
606 0# - НАИМЕНОВАНИЕ ТЕМЫ КАК ПРЕДМЕТ
Наименование темы Английский язык
Формальный подзаголовок Учебные издания
Системный номер авторитетной/нормативной записи 972309
Идентификатор авторитетной/нормативной записи RU\NLR\AUTH\6646032
686 1# - ИНДЕКСЫ ДРУГИХ КЛАССИФИКАЦИЙ
Индекс Ш143.21-93рус91
686 4# - ИНДЕКСЫ ДРУГИХ КЛАССИФИКАЦИЙ
Индекс Ш6(4Вл)61-440.5{Лх1298.1-45}
700 #1 - ИМЯ ЛИЦА - ПЕРВИЧНАЯ ОТВЕТСТВЕННОСТЬ
Код отношения Автор
Материалы, к которым относится поле eng
Графика поля Латинская
Начальный элемент ввода Lawrence
Часть имени, кроме начального элемента ввода D. H.
Даты 1885-1930
Расширение инициалов личного имени David Herbert
Идентификатор авторитетной/нормативной записи RU\NLR\AUTH\7735036
Системный номер авторитетной/нормативной записи 18035
702 #1 - ИМЯ ЛИЦА - ВТОРИЧНАЯ ОТВЕТСТВЕННОСТЬ
Начальный элемент ввода Pal'cev
Часть имени, кроме начального элемента ввода N. M.
Расширение инициалов личного имени Nikolaj Maksimovič
Код отношения Составитель
801 #0 - ИСТОЧНИК ЗАПИСИ
Страна российская федерация
Организация NLR
Дата составления 20020904
Правила каталогизации PSBO
942 ## - ДОПОЛНИТЕЛЬНЫЕ ЭЛЕМЕНТЫ ЗАПИСИ (АБИС)
Тип экземпляра АБИС Книга
980 ## - КОЛЛЕКЦИЯ
Название коллекции Национальная библиография
Экземпляры
Тип экземпляра Дата поступления Источник поступления Библиотека постоянного хранения Библиотека текущего хранения Место хранения Шифр хранения Штрих-код Статус не для выдачи Публичное примечание
Книга 04.09.2002 Обязательный экземпляр РНБ (Московский) РНБ (Московский) Иностранный книжный фонд Ик 2002-2/65 1004450   ;